Constructing the Divine Abode of Dizang Bodhisattva : Mount Jiuhua in Late Imperial China (14th-20th Century) /
This book explores how Mount Jiuhua became the seat of Dizang Bodhisattva and evolved into a renowned Buddhist mountain during the late imperial period. The uncoordinated yet collective efforts of various interested parties shaped the dynamic interplay between tangible elements (mummies, masters, pi...
المؤلف الرئيسي:
التنسيق: كتاب الكتروني
اللغة: English
منشور في:
Leiden ; Boston :
Brill,
2025.
سلاسل:
Asian Studies E-Books Online, Collection 2026.
Sinica Leidensia ;
174.
الموضوعات:
الوصول للمادة أونلاين: Login to view Source
الوسوم: إضافة وسم
رقم الطلب: DS501
| LEADER | 02458nam a22004938i 4500 | ||
|---|---|---|---|
| 001 | BRILL9789004741980 | ||
| 003 | nllekb | ||
| 005 | 20250915080723.0 | ||
| 006 | m d | ||
| 007 | cr un uuuua | ||
| 008 | 250709s2025 gw sb 001 0 eng d | ||
| 020 | |a 9789004741980 |q (electronic book) | ||
| 020 | |z 9789004727168 |q (print) | ||
| 024 | 7 | |a 10.1163/9789004741980 |2 DOI | |
| 035 | |z (OCoLC)1516164306 | ||
| 040 | |a NL-LeKB |c NL-LeKB |e rda | ||
| 041 | |a eng | ||
| 050 | 4 | |a DS501 | |
| 072 | 7 | |a HREP |2 bicssc | |
| 072 | 7 | |a REL |x 007020 |2 bisacsh | |
| 082 | 0 | 4 | |a 950 |2 23 |
| 100 | 1 | |a Ouyang, Nan, |e author. | |
| 245 | 1 | 0 | |a Constructing the Divine Abode of Dizang Bodhisattva : |b Mount Jiuhua in Late Imperial China (14th-20th Century) / |c Nan Ouyang. |
| 246 | 3 | |a Mount Jiuhua in Late Imperial China (14th-20th Century) | |
| 264 | 1 | |a Leiden ; |a Boston : |b Brill, |c 2025. | |
| 264 | 4 | |c ©2025 | |
| 300 | |a 1 online resource (250 pages) : |b illustrations. | ||
| 336 | |a text |b txt |2 rdacontent | ||
| 337 | |a computer |b c |2 rdamedia | ||
| 338 | |a online resource |2 rdacarrier | ||
| 490 | 1 | |a Asian Studies E-Books Online, Collection 2026 | |
| 490 | 1 | |a Sinica Leidensia ; |v 174 | |
| 504 | |a Includes bibliographical references and index. | ||
| 520 | |a This book explores how Mount Jiuhua became the seat of Dizang Bodhisattva and evolved into a renowned Buddhist mountain during the late imperial period. The uncoordinated yet collective efforts of various interested parties shaped the dynamic interplay between tangible elements (mummies, masters, pilgrimage practices) and intangible factors (myths, popular literature), redefining and reinforcing the mountain's divine status. By incorporating previously overlooked sources, such as inscriptions, amulets, drama scripts, and "underworld passes," this study highlights the critical role of rank-and-file religious practitioners in the sacred place-making process. | ||
| 546 | |a English | ||
| 588 | |a Description based on print version record. | ||
| 650 | 0 | |a Asian Studies. | |
| 650 | 0 | |a History. | |
| 776 | 0 | 8 | |i Print version: |t Constructing the Divine Abode of Dizang Bodhisattva : Mount Jiuhua in Late Imperial China (14th-20th Century). |d Leiden ; Boston : Brill, 2025. |z 9789004727168 |
| 830 | 0 | |a Asian Studies E-Books Online, Collection 2026. | |
| 830 | 0 | |a Sinica Leidensia ; |v 174. | |
| 856 | 4 | |z DOI: |u http://dx.doi.org/10.1163/9789004741980 | |
| 942 | |2 lcc |c EBOOK | ||
| 999 | |c 61152 |d 61152 | ||
